Statistics for Hidden Letters #9

Click here to take the quiz!

General Stats

  • This quiz has been taken 35 times
  • The average score is 5 of 7

Answer Stats

HintAnswer% Correct
The planet that is often memed and mocked for its nameUranus
100%
Capital of NorwayOslo
94%
Country where English originatedEngland/UK
84%
Country south of Uganda and north of BurundiRwanda
84%
SECRET WORD:EUROPE
63%
Highest peak in Russia (Europe) - Mount ______Elbrus
59%
City in Florida that is named after another country (well-known)Panama City
47%

Score Distribution

Percentile by Number Answered

Percent of People with Each Score

Your Score History

You have not taken this quiz